<?xml version="1.0" encoding="UTF-8"?>
<collection xmlns="http://www.loc.gov/MARC21/slim">
  <record>
    <leader>00000nam  2200000   4500</leader>
    <controlfield tag="001">NUTBA000000000000455</controlfield>
    <controlfield tag="005">20200812015908</controlfield>
    <datafield tag="035" ind1="#" ind2="#">
      <subfield code="a">0010-031400000000454</subfield>
    </datafield>
    <controlfield tag="008">200812################g##########0#ind##</controlfield>
    <datafield tag="020" ind1="#" ind2="#">
      <subfield code="a">979266760-1</subfield>
    </datafield>
    <datafield tag="084" ind1="#" ind2="#">
      <subfield code="a">2x4 ASS  i</subfield>
    </datafield>
    <datafield tag="090" ind1="#" ind2="#">
      <subfield code="b">2X4</subfield>
    </datafield>
    <datafield tag="100" ind1=" " ind2="#">
      <subfield code="a">As-Sadlan, Shalih bin Ghanim</subfield>
    </datafield>
    <datafield tag="245" ind1="1" ind2="#">
      <subfield code="a">Intisari fiqih islam :</subfield>
      <subfield code="b">Lengkap dengan jawaban praktis atas permasalahan fiqih sehari hari /</subfield>
      <subfield code="c">Prof. Dr. Shalih bin Ghanim As-Sadlan, Syaikh Muhammad Shalij Al-Munajjid; Penerjemah, Nurul Mukhlisin, Lc.M.Ag., Izzudin Karimi, Lc.</subfield>
    </datafield>
    <datafield tag="260" ind1="#" ind2="#">
      <subfield code="a">Surabaya :</subfield>
      <subfield code="b">Elba,</subfield>
      <subfield code="c">2007</subfield>
    </datafield>
    <datafield tag="300" ind1="#" ind2="#">
      <subfield code="a">255 hlm ;</subfield>
      <subfield code="c">20 x 13 cm</subfield>
    </datafield>
    <datafield tag="082" ind1="#" ind2="#">
      <subfield code="a">2x4</subfield>
    </datafield>
    <datafield tag="650" ind1="#" ind2="4">
      <subfield code="a">Fiqih</subfield>
    </datafield>
    <datafield tag="990" ind1="#" ind2="#">
      <subfield code="a">20800098</subfield>
    </datafield>
  </record>
</collection>
